000 00545nam a22001817a 4500
003 OSt
005 20140310181750.0
008 130626t xxu||||| |||| 00| 0 eng d
020 _a978719334934
050 _aPL 6181.4
_b.T819 2009
082 _aFIL 291.36 T73 2009
_bT73 2009
100 _aTria, Wilmer Joseph S.
245 _aThe first Penafrancia fiesta in Bikol /
_cWilmer Joseph S. Tria.
260 _aPhilippines :
_bIn nin Bikol Foundation,
_c2009.
300 _a30 p. :
_bill. col. ;
_c21 cm.
942 _2lcc
_cBK
999 _c3184
_d3184